[Event "FRA-chT2 East 0607"]
[Site "France"]
[Date "2007.02.11"]
[Round "7.4"]
[White "Tripoz, Alexandre"]
[Black "Foune, Andre"]
[Result "0-1"]
[WhiteElo "1990"]
[BlackElo "2180"]
[PlyCount "84"]
[EventDate "2006.10.15"]
[EventType "team"]
[EventRounds "11"]
[EventCountry "FRA"]
[SourceTitle "EXT 2008"]
[Source "ChessBase"]
[SourceDate "2007.11.25"]
[SourceVersion "1"]
[SourceVersionDate "2007.11.25"]
[SourceQuality "1"]
[WhiteTeam "Montrevel en Bresse"]
[BlackTeam "Belfort"]
[WhiteTeamCountry "FRA"]
[BlackTeamCountry "FRA"]

1. e4 c5 2. Nc3 g6 3. g3 Bg7 4. Bg2 Nc6 5. d3 d6 6. Be3 Nd4 7. Qd2 Rb8 8. f4 e6 9. Nf3 Ne7 10. 0-0 b5 11. Nd1 0-0 12. h3 Nxf3+ 13. Bxf3 Qc7 14. Rb1 b4 15. Kh2 Ba6 16. Qf2 Rfc8 17. Be2 f5 18. g4 Qa5 19. Qh4 Kf7 20. Nf2 Bb7 21. Nh1 fxe4 22. f5 exf5 23. gxf5 gxf5 24. Bh5+ Ke6 25. Bg5 Ng6 26. Bxg6 hxg6 27. Qh7 Be5+ 28. Kg1 Rg8 29. Qe7+ Kd5 30. dxe4+ Kc6 31. exf5 Rbe8 32. Qf7 Ref8 33. Qe6 gxf5 34. h4 f4 35. Rbe1 Re8 36. Qc4 Qb5 37. Qb3 Kc7 38. Nf2 Qc6 39. Qh3 Rxg5+ 40. hxg5 Rh8 41. Qg4 Bd4 42. Re7+ Kd8 0-1

[Event "FRA-ch opA U18"]
[Site "Calvi"]
[Date "2005.04.??"]
[Round "4"]
[White "Bolla, Benjamin"]
[Black "Tripoz, Alexandre"]
[Result "1/2-1/2"]
[WhiteElo "1780"]
[BlackElo "1660"]
[PlyCount "123"]
[EventDate "2005.04.??"]
[EventType "swiss"]
[EventRounds "9"]
[EventCountry "FRA"]
[SourceTitle "EXT 2006"]
[Source "ChessBase"]
[SourceDate "2005.11.24"]
[SourceVersion "1"]
[SourceVersionDate "2005.11.24"]
[SourceQuality "1"]

1. b4 e5 2. Bb2 f6 3. a3 d5 4. e3 Be6 5. Nf3 Nd7 6. d4 Bd6 7. Nfd2 Nb6 8. Nc3 c6 9. b5 Ne7 10. a4 0-0 11. a5 Nd7 12. bxc6 Nxc6 13. Nb5 Bb4 14. a6 b6 15. c3 Be7 16. Bd3 e4 17. Nxe4 dxe4 18. Bxe4 Na5 19. d5 Nc5 20. Bf3 Bf5 21. 0-0 Bd6 22. Nxd6 Qxd6 23. Ba3 Nc4 24. e4 Bg6 25. Bb4 Rfe8 26. Qd4 Ne5 27. Be2 Nf7 28. f3 f5 29. Bb5 Re5 30. exf5 Rxd5 31. Qh4 Rxf5 32. Bc4 Rh5 33. Qg3 Qxg3 34. hxg3 Bd3 35. Bxd3 Nxd3 36. Rad1 Nxb4 37. cxb4 Rb5 38. Rd4 Kf8 39. f4 Rd8 40. Rc4 Rd7 41. Rfc1 Nd6 42. Rc7 Rxc7 43. Rxc7 Rxb4 44. Rxa7 Ra4 45. Ra8+ Kf7 46. a7 Ne8 47. Rb8 Rxa7 48. Rxb6 Nf6 49. Kh2 Ra5 50. Rb7+ Kg6 51. Rb6 h5 52. Re6 Kf5 53. Rb6 Ng4+ 54. Kh3 Ra1 55. Rb5+ Kg6 56. Rb6+ Kh7 57. Kh4 g6 58. f5 gxf5 59. Kxh5 Ra5 60. Rb7+ Kg8 61. Kg6 Kf8 62. Rf7+ 1/2-1/2